Fundamentals of entrepreneurship / (Record no. 1308)
[ view plain ]
| 000 -LEADER | |
|---|---|
| fixed length control field | 00706cam a22002172 4500 |
| 001 - CONTROL NUMBER | |
| control field | 0000023376 |
| 005 - DATE AND TIME OF LATEST TRANSACTION | |
| control field | 20151021151145.0 |
| 008 - FIXED-LENGTH DATA ELEMENTS--GENERAL INFORMATION | |
| fixed length control field | 121119s xx 000 0 eng d |
| 020 ## - INTERNATIONAL STANDARD BOOK NUMBER | |
| International Standard Book Number | 8120328679 : |
| 040 ## - CATALOGING SOURCE | |
| Original cataloging agency | KABU |
| Transcribing agency | KABU |
| 100 1# - MAIN ENTRY--PERSONAL NAME | |
| Personal name | Mohanty, Sandram Keshari. |
| -- | 0000182764 |
| 245 10 - TITLE STATEMENT | |
| Title | Fundamentals of entrepreneurship / |
| Statement of responsibility, etc. | Sangram Keshari Mohanty. |
| 250 ## - EDITION STATEMENT | |
| Edition statement | 1st ed. |
| 260 ## - PUBLICATION, DISTRIBUTION, ETC. (IMPRINT) | |
| Place of publication, distribution, etc. | New Delhi : |
| Name of publisher, distributor, etc. | PHI Learning, |
| Date of publication, distribution, etc. | 2008.2005. |
| 300 ## - PHYSICAL DESCRIPTION | |
| Extent | xiii, 183 p. |
| 650 #0 - SUBJECT ADDED ENTRY--TOPICAL TERM | |
| Topical term or geographic name as entry element | Entrepreneurship. |
| -- | 0000148283 |
| 852 1# - LOCATION | |
| -- | p590 KES |
| 852 1# - LOCATION | |
| -- | p590 KES |
| 908 ## - PUT COMMAND PARAMETER (RLIN) | |
| Put command parameter | 121119 |
| 950 ## - LOCAL HOLDINGS (RLIN) | |
| -- | 1 |
| Withdrawn status | Lost status | Source of classification or shelving scheme | Not for loan | Home library | Current library | Date acquired | Total Checkouts | Full call number | Barcode | Date last seen | Date last checked out | Price effective from | Koha item type | Total Renewals |
|---|---|---|---|---|---|---|---|---|---|---|---|---|---|---|
| Library of Congress Classification | Kabarak, Main Campus | Kabarak, Main Campus | 21/10/2015 | 7 | HB615 .M66 2005 c. 1 | 013918 | 02/08/2024 | 11/11/2022 | 21/10/2015 | General Collection | ||||
| Library of Congress Classification | Kabarak, Main Campus | Kabarak, Main Campus | 21/10/2015 | 4 | HB615 .M66 2005 c. 2 | 013921 | 02/08/2024 | 04/11/2021 | 21/10/2015 | General Collection | 1 | |||
| Library of Congress Classification | Kabarak, Nakuru City Campus | Kabarak, Nakuru City Campus | 21/10/2015 | 7 | HB615 .M66 2005 c. 2 | 014027 | 11/10/2023 | 22/09/2023 | 21/10/2015 | General Collection | ||||
| Library of Congress Classification | Kabarak, Nakuru City Campus | Kabarak, Nakuru City Campus | 21/10/2015 | 3 | HB615 .M66 2005 c. 1 | 014023 | 05/03/2020 | 22/02/2020 | 21/10/2015 | General Collection |